Rudolf Klaiber: hervorragender Organisator und weitblickender Polizeifachmann

Saved in:  
Bibliographic Details
Main Author: Teufel, Manfred 1936- (Author)
Format: Print Article
Language:German
Published: 1976
In: Kriminalistik
Year: 1976, Volume: 30, Issue: 8, Pages: 369-370
Check availability: HBZ Gateway
Keywords:

MARC

LEADER 00000caa a2200000 c 4500
001 1635512719
003 DE-627
005 20220608105038.0
007 tu
008 131217s1976 xx ||||| 00| ||ger c
035 |a (DE-627)1635512719 
035 |a (DE-576)399106960 
035 |a (DE-599)BSZ399106960 
040 |a DE-627  |b ger  |c DE-627  |e rakwb 
041 |a ger 
100 1 |a Teufel, Manfred  |d 1936-  |0 (DE-588)121030741  |0 (DE-627)081041314  |0 (DE-576)292505965  |4 aut 
109 |a Teufel, Manfred 1936- 
245 1 0 |a Rudolf Klaiber  |b hervorragender Organisator und weitblickender Polizeifachmann  |c Manfred Teufel 
264 1 |c 1976 
336 |a Text  |b txt  |2 rdacontent 
337 |a ohne Hilfsmittel zu benutzen  |b n  |2 rdamedia 
338 |a Band  |b nc  |2 rdacarrier 
773 0 8 |i In  |t Kriminalistik  |d Heidelberg : C.F. Müller GmbH, Kriminalistik, 1949  |g 30(1976), 8, Seite 369-370  |w (DE-627)129489522  |w (DE-600)205902-2  |w (DE-576)014883163  |x 0023-4699  |7 nnas 
773 1 8 |g volume:30  |g year:1976  |g number:8  |g pages:369-370 
951 |a AR 
ELC |b 1 
LOK |0 000 xxxxxcx a22 zn 4500 
LOK |0 001 3291875214 
LOK |0 003 DE-627 
LOK |0 004 1635512719 
LOK |0 005 20251001132150 
LOK |0 008 131217||||||||||||||||ger||||||| 
LOK |0 040   |a DE-21-110  |c DE-627  |d DE-21-110 
LOK |0 689   |a p  |a Klaiber, Rudolf 
LOK |0 852   |a DE-21-110 
LOK |0 852 1  |m p  |9 00 
LOK |0 935   |a k110 
LOK |0 938   |k p 
LOK |0 939   |a 17-12-13  |b l01 
ORI |a SA-MARC-krimdoka001.raw